| 000 | 01254nam0a2200301 i 4500 | ||
|---|---|---|---|
| 001 | RU\NLR\BIBL_A\010412575 | ||
| 005 | 20240921194823.0 | ||
| 021 |
_aRU _b2014-32722 _91997 |
||
| 035 | _a(NILC)RuMoRGB-007484229 | ||
| 035 | _a(NLR Aleph) 010412575 | ||
| 090 |
_a9767731 _c9767731 |
||
| 100 | _a20140704d2014 k y0rusy50 ca | ||
| 101 | 0 | _arus | |
| 102 | _aRU | ||
| 105 | _aa|||z|||001yy | ||
| 200 | 1 |
_aПромышленный комплекс Курганской области в условиях формирования экономики знаний _fК.П. Гринюк |
|
| 210 |
_aЕкатеринбург _cИн-т экономики УрО РАН _d2014 |
||
| 215 |
_a72 с. _cил. _d21 |
||
| 225 | 1 | _a[Препринт] | |
| 225 | 1 |
_aНаучные доклады _fРос. акад. наук, Ур. отд-ние, Ин-т экономики |
|
| 320 | _aБиблиогр.: с. 49-52 (38 назв.) | ||
| 606 | 1 |
_aПромышленные комплексы _yКурганская область _92241724 _3RU\NLR\AUTH\6601576427 |
|
| 686 | 1 | _aУ30(2)-434(2Р-4Кур) | |
| 700 | 1 |
_aГринюк _bК. П. _gКирилл Петрович |
|
| 801 | 0 |
_aRU _bРГБ _c20140505 _gRCR |
|
| 942 | _cBOOK | ||
| 980 | _aNBR | ||